[Event "USA-ch U20 Girls"]
[Site "Tulsa"]
[Date "2015.06.26"]
[Round "8"]
[White "Liao, Simone"]
[Black "Feng, Maggie"]
[Result "0-1"]
[WhiteElo "2075"]
[BlackElo "2008"]
[PlyCount "56"]
[EventDate "2015.06.22"]
[EventType "tourn"]
[EventRounds "9"]
[EventCountry "USA"]
[SourceTitle "CBM 167 Extra"]
[Source "ChessBase"]
[SourceDate "2015.09.14"]
[SourceVersion "1"]
[SourceVersionDate "2015.09.14"]
[SourceQuality "1"]

1. e4 e6 2. d3 c5 3. Nc3 Nc6 4. g3 g6 5. Bg2 Bg7 6. f4 d6 7. Nf3 Nge7 8. 0-0 0-0 9. Be3 Nd4 10. Qd2 Rb8 11. Nd1 b5 12. c3 Nxf3+ 13. Bxf3 Qc7 14. d4 cxd4 15. Bxd4 e5 16. Be3 Be6 17. Nf2 Rbd8 18. Rfc1 d5 19. Qe2 dxe4 20. Bxe4 Bc4 21. Qc2 Nd5 22. Bxd5 Bxd5 23. Qe2 Ba8 24. Qxb5 Rb8 25. Qe2 Qc6 26. Qf1 Rxb2 27. Bxa7 Qf3 28. Qh3 Rxf2 0-1

[Event "Pan American-ch U18 Girls"]
[Site "Oaxtepec"]
[Date "2014.07.15"]
[Round "7"]
[White "Paredes Bustamante, Paula Elizabeth"]
[Black "Liao, Simone"]
[Result "1/2-1/2"]
[WhiteElo "2051"]
[BlackElo "2027"]
[PlyCount "66"]
[EventDate "2014.07.11"]
[EventType "swiss"]
[EventRounds "9"]
[EventCountry "MEX"]
[SourceTitle "EXT 2022"]
[Source "ChessBase"]
[SourceDate "2021.10.06"]
[SourceVersion "1"]
[SourceVersionDate "2021.10.06"]
[SourceQuality "1"]

1. e4 e6 2. d4 d5 3. Nd2 Nf6 4. e5 Nfd7 5. Bd3 c5 6. c3 Nc6 7. Ne2 cxd4 8. cxd4 f6 9. exf6 Nxf6 10. Nf3 Bd6 11. 0-0 0-0 12. Bg5 Bd7 13. Nc3 a6 14. a3 Qe8 15. Bh4 Nh5 16. Re1 Nf4 17. Ne5 Nxd3 18. Qxd3 Nxe5 19. dxe5 Bb8 20. Bg3 Ba7 21. Rac1 Qe7 22. Qd2 Rac8 23. Ne2 Qf7 24. Nd4 b5 25. Nf3 Bb6 26. Qb4 Rxc1 27. Rxc1 Rc8 28. Rxc8+ Bxc8 29. Qd6 Qc7 30. Qxc7 Bxc7 31. Kf1 a5 32. b4 axb4 33. axb4 Kf8 1/2-1/2

[Event "American op 49th"]
[Site "Orange"]
[Date "2013.11.29"]
[Round "3"]
[White "Liao, Simone"]
[Black "Yanayt, Eugene"]
[Result "0-1"]
[WhiteElo "2036"]
[BlackElo "2220"]
[PlyCount "108"]
[EventDate "2013.11.28"]
[EventType "swiss"]
[EventRounds "8"]
[EventCountry "USA"]
[SourceTitle "EXT 2015"]
[Source "ChessBase"]
[SourceDate "2014.11.20"]
[SourceVersion "1"]
[SourceVersionDate "2014.11.20"]
[SourceQuality "1"]

1. e4 c5 2. Nc3 g6 3. f4 Bg7 4. Nf3 Nc6 5. Bb5 Nd4 6. 0-0 Nxb5 7. Nxb5 d5 8. exd5 a6 9. Nc3 Nf6 10. d4 Nxd5 11. dxc5 Nxc3 12. Qxd8+ Kxd8 13. bxc3 Bxc3 14. Rb1 Kc7 15. Rb3 Bf6 16. Bd2 Be6 17. Ba5+ Kc6 18. Rb6+ Kxc5 19. Nd2 Bd5 20. c4 Bc6 21. Rd1 Kd6 22. Nb3+ Kc7 23. Nc5 Kc8 24. Rb3 e5 25. Bb6 e4 26. Rh3 h5 27. g4 Re8 28. gxh5 e3 29. Nd3 e2 30. Rc1 gxh5 31. Kf2 h4 32. Re1 Kd7 33. Nc5+ Ke7 34. Rxe2+ Kf8 35. Nd3 Rxe2+ 36. Kxe2 Bd7 37. Re3 Rc8 38. Bc5+ Kg7 39. Kd2 Bf5 40. Be7 Rxc4 41. Bxf6+ Kxf6 42. Ne1 Rxf4 43. Rf3 Rxf3 44. Nxf3 Be4 45. Nd4 Ke5 46. Ke3 f5 47. Ne2 b5 48. Nf4 b4 49. Ng6+ Kf6 50. Nf4 a5 51. Ne2 Ke5 52. Nf4 a4 53. Ng6+ Kf6 54. Nxh4 b3 0-1

[Event "Pacific Coast op 18th"]
[Site "Agoura Hills"]
[Date "2013.07.19"]
[Round "1.2"]
[White "Liao, Simone"]
[Black "Vazquez, Elias"]
[Result "1-0"]
[WhiteElo "2217"]
[BlackElo "1904"]
[PlyCount "120"]
[EventDate "2013.07.18"]
[EventType "swiss"]
[EventRounds "6"]
[EventCountry "USA"]
[SourceTitle "EXT 2024"]
[Source "ChessBase"]
[SourceDate "2023.10.10"]
[SourceVersion "1"]
[SourceVersionDate "2023.10.10"]
[SourceQuality "1"]

1. e4 e5 2. Bc4 Nf6 3. Nc3 Nc6 4. d3 Bc5 5. f4 d6 6. Nf3 Bg4 7. Na4 Bb6 8. Nxb6 axb6 9. 0-0 0-0 10. h3 Bxf3 11. Qxf3 Nd4 12. Qf2 b5 13. Bb3 c5 14. Qe1 c4 15. dxc4 bxc4 16. Bxc4 Nxc2 17. Qe2 Nxa1 18. b3 Rb8 19. Bb2 b5 20. Bd3 Qb6+ 21. Kh1 Nxb3 22. axb3 Rfe8 23. Qf3 Rbd8 24. g4 d5 25. fxe5 dxe4 26. Bxe4 Qe6 27. Bc6 Rd3 28. Qxd3 Qxc6+ 29. Kh2 Qd5 30. Qxd5 Nxd5 31. Rc1 Nf4 32. Rd1 f6 33. exf6 Re2+ 34. Kg3 Rxb2 35. Kxf4 gxf6 36. Rd3 Kf7 37. Ke4 Ke6 38. Kd4 Re2 39. Kc5 Re5+ 40. Kc6 h5 41. Rd6+ Ke7 42. Rd7+ Ke6 43. Rd4 hxg4 44. hxg4 Rg5 45. Rb4 Ke7 46. Kb6 Ke6 47. Ka5 Kd6 48. Rxb5 Rxg4 49. Rb6+ Ke5 50. b4 f5 51. Rb8 f4 52. b5 f3 53. Re8+ Kf4 54. b6 Rg5+ 55. Ka4 f2 56. b7 f1Q 57. b8Q+ Kg4 58. Re4+ Kh3 59. Qh8+ Kg2 60. Qb2+ Kg1 1-0

[Event "Pan American-ch U20 Girls"]
[Site "Bogota"]
[Date "2013.07.10"]
[Round "2"]
[White "Liao, Simone"]
[Black "Rosales, Pierina"]
[Result "1/2-1/2"]
[WhiteElo "2025"]
[BlackElo "1810"]
[PlyCount "83"]
[EventDate "2013.07.10"]
[EventType "swiss"]
[EventRounds "9"]
[EventCountry "COL"]
[SourceTitle "CBM 155 Extra"]
[Source "ChessBase"]
[SourceDate "2013.08.26"]
[SourceVersion "1"]
[SourceVersionDate "2013.08.26"]
[SourceQuality "1"]

1. e4 c6 2. d4 d5 3. Nc3 dxe4 4. Nxe4 Bf5 5. Ng3 Bg6 6. Nf3 Nd7 7. Bd3 Ngf6 8. 0-0 e6 9. Bf4 Be7 10. c4 0-0 11. Bxg6 hxg6 12. Qb3 Qb6 13. Qxb6 Nxb6 14. Rac1 Rac8 15. c5 Nbd5 16. Be5 b6 17. a3 bxc5 18. dxc5 Ne8 19. Ne4 f6 20. Bd6 e5 21. b4 Rd8 22. Bxe7 Nxe7 23. Rfd1 Nd5 24. g3 a5 25. Rb1 axb4 26. axb4 Rb8 27. b5 Nec7 28. bxc6 Ra8 29. Rb6 Ra4 30. Nd6 Ra3 31. Kg2 Rc3 32. Ne4 Rxc5 33. Nxc5 Nxb6 34. Nd2 Rc8 35. Ndb3 Ncd5 36. Na5 Kf7 37. Nd7 Rc7 38. Nc5 Ke7 39. Rb1 Kd6 40. Na6 Ra7 41. Nb7+ Kxc6 42. Nbc5 1/2-1/2

[Event "Wch U20 Girls 30th"]
[Site "Athens"]
[Date "2012.08.14"]
[Round "12"]
[White "Liao, Simone"]
[Black "Orozco Lopez, Lina Yomayra"]
[Result "0-1"]
[WhiteElo "1933"]
[BlackElo "2150"]
[PlyCount "84"]
[EventDate "2012.08.02"]
[EventType "swiss"]
[EventRounds "13"]
[EventCountry "GRE"]
[SourceTitle "CBM 149 Extra"]
[Source "ChessBase"]
[SourceDate "2012.08.24"]
[SourceVersion "1"]
[SourceVersionDate "2012.08.24"]
[SourceQuality "1"]

1. e4 c5 2. Nc3 a6 3. f4 b5 4. Nf3 e6 5. d3 Bb7 6. g3 b4 7. Ne2 d5 8. e5 Nd7 9. Bg2 Ne7 10. 0-0 h5 11. Kh1 Nf5 12. d4 c4 13. c3 a5 14. Ne1 Be7 15. Nc2 g6 16. Ne3 Qb6 17. Ng1 a4 18. Nf3 h4 19. Nxf5 gxf5 20. Nxh4 Bxh4 21. gxh4 a3 22. cxb4 axb2 23. Bxb2 Qxb4 24. Qc2 Rxh4 25. Bc3 Qa3 26. Rf3 Rh8 27. Rb1 Bc6 28. Rb2 f6 29. Qf2 Kf7 30. Bb4 Qa4 31. Qe2 Qa7 32. Rd2 Rag8 33. Ra3 Qb6 34. Bd6 Rg4 35. Rb2 Qxd4 36. exf6 Rhg8 37. Rh3 Nxf6 38. Be5 Qe4 39. Qxe4 dxe4 40. Ra3 e3 41. Ra7+ Nd7 42. h3 Rxg2 0-1

[Event "Wch U20 Girls 30th"]
[Site "Athens"]
[Date "2012.08.13"]
[Round "11"]
[White "Frey, Alisa"]
[Black "Liao, Simone"]
[Result "0-1"]
[WhiteElo "2035"]
[BlackElo "1933"]
[PlyCount "66"]
[EventDate "2012.08.02"]
[EventType "swiss"]
[EventRounds "13"]
[EventCountry "GRE"]
[SourceTitle "CBM 149 Extra"]
[Source "ChessBase"]
[SourceDate "2012.08.24"]
[SourceVersion "1"]
[SourceVersionDate "2012.08.24"]
[SourceQuality "1"]

1. e4 e6 2. d4 d5 3. Nc3 Bb4 4. e5 Ne7 5. a3 Bxc3+ 6. bxc3 c5 7. Qg4 Qc7 8. Qxg7 Rg8 9. Qxh7 cxd4 10. Ne2 Nbc6 11. f4 Bd7 12. Qd3 dxc3 13. Nxc3 a6 14. h4 Nf5 15. Rh3 0-0-0 16. h5 Na5 17. Rb1 Nc4 18. Rb4 Kb8 19. h6 Rg6 20. h7 Rh8 21. Qf3 a5 22. Rb1 Bc6 23. Nb5 Bxb5 24. g4 Nd4 25. Qf2 Nxa3 26. Bxa3 Nxc2+ 27. Kd2 Nxa3 28. Rxa3 Bxf1 29. Rxf1 Rc8 30. Qf3 Rh6 31. Qd3 Rh2+ 32. Ke3 Qc5+ 33. Kf3 Rh3+ 0-1

[Event "Wch U20 Girls 30th"]
[Site "Athens"]
[Date "2012.08.06"]
[Round "5"]
[White "Liao, Simone"]
[Black "Osmak, Iulija"]
[Result "1/2-1/2"]
[WhiteElo "1933"]
[BlackElo "2171"]
[PlyCount "61"]
[EventDate "2012.08.02"]
[EventType "swiss"]
[EventRounds "13"]
[EventCountry "GRE"]
[SourceTitle "CBM 149 Extra"]
[Source "ChessBase"]
[SourceDate "2012.08.24"]
[SourceVersion "1"]
[SourceVersionDate "2012.08.24"]
[SourceQuality "1"]

1. e4 e6 2. d4 d5 3. Nc3 Nf6 4. Bg5 Bb4 5. e5 h6 6. exf6 hxg5 7. fxg7 Rg8 8. h4 gxh4 9. Nf3 Qf6 10. Qd3 Nc6 11. a3 Bxc3+ 12. Qxc3 Bd7 13. 0-0-0 0-0-0 14. Kb1 Rxg7 15. Rxh4 Rdg8 16. g3 a6 17. Bg2 Rg4 18. Rdh1 Be8 19. Qe3 Ne7 20. Ne5 Rxh4 21. Rxh4 Rh8 22. Qf4 Qg7 23. Rxh8 Qxh8 24. Nxf7 Qh2 25. Qf6 Qxg2 26. Qxe6+ Bd7 27. Qxe7 Qf1+ 28. Ka2 Qc4+ 29. Kb1 Qf1+ 30. Ka2 Qc4+ 31. Kb1 1/2-1/2

[Event "Wch U20 Girls 30th"]
[Site "Athens"]
[Date "2012.08.03"]
[Round "2"]
[White "Abdulla, Khayala Mardan Qizi"]
[Black "Liao, Simone"]
[Result "1/2-1/2"]
[WhiteElo "2217"]
[BlackElo "1933"]
[PlyCount "78"]
[EventDate "2012.08.02"]
[EventType "swiss"]
[EventRounds "13"]
[EventCountry "GRE"]
[SourceTitle "CBM 149 Extra"]
[Source "ChessBase"]
[SourceDate "2012.08.24"]
[SourceVersion "1"]
[SourceVersionDate "2012.08.24"]
[SourceQuality "1"]

1. e4 e6 2. d4 d5 3. Nc3 Bb4 4. Nge2 dxe4 5. a3 Bxc3+ 6. Nxc3 Nc6 7. d5 exd5 8. Qxd5 Nf6 9. Qxd8+ Nxd8 10. Bg5 Bf5 11. 0-0-0 Ng4 12. Bh4 0-0 13. h3 Ne5 14. Re1 Ndc6 15. Nxe4 Rfe8 16. Ng3 Be6 17. Bb5 a6 18. Bxc6 Nxc6 19. Bg5 h6 20. Bf4 Bd5 21. f3 Nd4 22. Rd1 Ne6 23. Bxh6 Bxf3 24. gxf3 gxh6 25. Nf5 Kh7 26. Rhg1 Rad8 27. Rde1 Rg8 28. Rg4 Rg5 29. Ne3 Rd4 30. Rd1 Rxd1+ 31. Kxd1 h5 32. Rh4 Kg6 33. Ke2 f5 34. Rb4 f4 35. Nd1 b6 36. Nf2 Rd5 37. c3 Kf5 38. Nd3 a5 39. Rc4 Kg5 1/2-1/2

[Event "Las Vegas National op"]
[Site "Las Vegas"]
[Date "2012.06.17"]
[Round "6"]
[White "Foisor, Mihaela Veronica"]
[Black "Liao, Simone"]
[Result "1-0"]
[WhiteElo "2244"]
[BlackElo "1913"]
[PlyCount "71"]
[EventDate "2012.06.15"]
[EventType "swiss"]
[EventRounds "9"]
[EventCountry "USA"]
[SourceTitle "CBM 148 Extra"]
[Source "ChessBase"]
[SourceDate "2012.06.22"]
[SourceVersion "1"]
[SourceVersionDate "2012.06.22"]
[SourceQuality "1"]

1. d4 d5 2. c4 c6 3. e3 Nf6 4. Nc3 Bf5 5. cxd5 cxd5 6. Qb3 Bc8 7. Bd3 e6 8. f4 Nc6 9. Nf3 a6 10. 0-0 Bd6 11. Bd2 0-0 12. Rac1 Na5 13. Qc2 Bd7 14. Ne5 Rc8 15. Qd1 b5 16. b3 Qb6 17. Qe1 b4 18. Qh4 h6 19. Nxd7 Nxd7 20. Na4 Qb7 21. Rxc8 Qxc8 22. f5 Nc6 23. Rc1 Qb7 24. fxe6 fxe6 25. Qg4 Nd8 26. Nc5 Bxc5 27. Qg6 Rf6 28. Qh7+ Kf7 29. dxc5 Nf8 30. Qh8 d4 31. c6 Nxc6 32. Be4 Qb5 33. Bxc6 Qe2 34. Bf3 Qxd2 35. Bh5+ Ke7 36. Qxg7+ 1-0

[Event "Los Angeles Metropolitan qual 17th"]
[Site "Los Angeles"]
[Date "2012.02.26"]
[Round "4"]
[White "Liao, Simone"]
[Black "Tatum, Kofi Odell"]
[Result "0-1"]
[WhiteElo "1844"]
[BlackElo "2045"]
[PlyCount "54"]
[EventDate "2012.02.24"]
[EventType "swiss"]
[EventRounds "5"]
[EventCountry "USA"]
[SourceTitle "EXT 2013"]
[Source "ChessBase"]
[SourceDate "2012.11.22"]
[SourceVersion "1"]
[SourceVersionDate "2012.11.22"]
[SourceQuality "1"]

1. e4 Nf6 2. e5 Nd5 3. d4 d6 4. c4 Nb6 5. f4 dxe5 6. fxe5 c5 7. d5 e6 8. Nc3 exd5 9. cxd5 c4 10. Be3 Bb4 11. Bxb6 Qxb6 12. Bxc4 Qe3+ 13. Nge2 Bc5 14. Qd3 Qxe5 15. Rf1 0-0 16. 0-0-0 Bg4 17. Rde1 Nd7 18. Ng3 Qg5+ 19. Qd2 Qxd2+ 20. Kxd2 Nb6 21. Bb3 Rac8 22. Nf5 Rc7 23. d6 Rd7 24. Ne7+ Kh8 25. Rxf7 Rxf7 26. Bxf7 Bxd6 27. Nc8 Bg3+ 0-1

[Event "Martin Luther King Memorial"]
[Site "Irvine"]
[Date "2012.01.14"]
[Round "2"]
[White "Liao, Simone"]
[Black "Krishnan, Varun"]
[Result "1-0"]
[WhiteElo "1844"]
[BlackElo "2135"]
[PlyCount "57"]
[EventDate "2012.01.14"]
[EventType "swiss"]
[EventRounds "6"]
[EventCountry "USA"]
[SourceTitle "EXT 2013"]
[Source "ChessBase"]
[SourceDate "2012.11.22"]
[SourceVersion "1"]
[SourceVersionDate "2012.11.22"]
[SourceQuality "1"]

1. e4 c5 2. Nc3 Nc6 3. f4 g6 4. Nf3 Bg7 5. Bb5 Nd4 6. 0-0 Nxb5 7. Nxb5 d5 8. exd5 a6 9. Nc3 Nf6 10. d4 c4 11. Ne5 Nxd5 12. Nxd5 Qxd5 13. b3 cxb3 14. axb3 0-0 15. c4 Qd8 16. Bb2 Qc7 17. Qf3 Rb8 18. Rac1 b6 19. d5 Bb7 20. Qg3 Rfd8 21. f5 Rbc8 22. fxg6 fxg6 23. Qh3 Rd6 24. Rf7 Rf6 25. Rxf6 Bxf6 26. Qe6+ Kg7 27. Rf1 Rf8 28. Nd7 Bc8 29. Nxf8 1-0

[Event "Wch U12 Girls"]
[Site "Caldas Novas"]
[Date "2011.11.24"]
[Round "7"]
[White "Liao, Simone"]
[Black "Strgacich, Aylen"]
[Result "1-0"]
[WhiteElo "1810"]
[BlackElo "1706"]
[PlyCount "61"]
[EventDate "2011.11.18"]
[EventType "swiss"]
[EventRounds "9"]
[EventCountry "BRA"]
[SourceTitle "EXT 2013"]
[Source "ChessBase"]
[SourceDate "2012.11.22"]
[SourceVersion "1"]
[SourceVersionDate "2012.11.22"]
[SourceQuality "1"]

1. e4 c5 2. Nc3 e6 3. f4 Nc6 4. Nf3 Nf6 5. e5 Nd5 6. Nxd5 exd5 7. Bb5 Be7 8. 0-0 0-0 9. Bxc6 bxc6 10. d3 d6 11. b3 Bg4 12. h3 Bxf3 13. Qxf3 Qc7 14. Qg3 Kh8 15. Bb2 d4 16. a4 Rae8 17. Rae1 dxe5 18. fxe5 Bf6 19. Rf5 Re6 20. Ba3 Rfe8 21. Ref1 Rxe5 22. Bxc5 Qa5 23. Rxf6 Qxc5 24. Rxf7 Rg8 25. Qf4 Ree8 26. Qf2 Qb6 27. Rd7 c5 28. Qf7 a6 29. Rd5 Qb4 30. Rdf5 Qd2 31. Qxe8 1-0

[Event "Wch U12 Girls"]
[Site "Caldas Novas"]
[Date "2011.11.18"]
[Round "1"]
[White "Liao, Simone"]
[Black "Stallinger, Vanessa"]
[Result "1-0"]
[WhiteElo "1810"]
[BlackElo "1458"]
[PlyCount "53"]
[EventDate "2011.11.18"]
[EventType "swiss"]
[EventRounds "9"]
[EventCountry "BRA"]
[SourceTitle "EXT 2013"]
[Source "ChessBase"]
[SourceDate "2012.11.22"]
[SourceVersion "1"]
[SourceVersionDate "2012.11.22"]
[SourceQuality "1"]

1. e4 e5 2. Nf3 Nc6 3. Bc4 Bc5 4. 0-0 Nf6 5. d3 a6 6. c3 Ba7 7. Re1 d6 8. Bb3 0-0 9. h3 Nh5 10. Bg5 Nf6 11. Nbd2 Qe7 12. Nf1 Nd8 13. Ng3 Ne6 14. Bh4 Nf4 15. d4 c5 16. dxe5 dxe5 17. Nf5 Bxf5 18. exf5 Bb8 19. Qd2 e4 20. Qe3 Re8 21. Ng5 Nd7 22. Bxf7+ Kh8 23. Bxe8 Qxe8 24. Nxe4 Nd5 25. Qd2 N7b6 26. Nf6 Qf7 27. Re8+ 1-0

[Event "Los Angeles Metropolitan qual 5th"]
[Site "Los Angeles"]
[Date "2011.06.17"]
[Round "1"]
[White "Menzi, Nezihe Ezgi"]
[Black "Liao, Simone"]
[Result "1/2-1/2"]
[WhiteElo "1868"]
[BlackElo "1755"]
[PlyCount "75"]
[EventDate "2011.06.17"]
[EventType "swiss"]
[EventRounds "5"]
[EventCountry "USA"]
[SourceTitle "CBM 143 Extra"]
[Source "ChessBase"]
[SourceDate "2011.08.29"]
[SourceVersion "1"]
[SourceVersionDate "2011.08.29"]
[SourceQuality "1"]

1. e4 e6 2. d4 d5 3. Nc3 Bb4 4. e5 c5 5. a3 Bxc3+ 6. bxc3 Ne7 7. Qg4 Qc7 8. Qxg7 Rg8 9. Qxh7 cxd4 10. Qd3 Qxe5+ 11. Ne2 dxc3 12. Bf4 Qf5 13. Qxf5 Nxf5 14. Nxc3 a6 15. h4 Nc6 16. h5 Bd7 17. h6 f6 18. Bd3 Nfe7 19. 0-0-0 Kf7 20. h7 Rh8 21. Na4 Ne5 22. Nb6 Rad8 23. Rh5 Nxd3+ 24. Rxd3 Bb5 25. Rg3 e5 26. Bd2 Rd6 27. Bb4 Rxb6 28. Bxe7 Rc6 29. Rh6 Ba4 30. Rgg6 Bxc2 31. Rxf6+ Kxe7 32. Rxc6 bxc6 33. Kxc2 Kf7 34. Rxc6 Rxh7 35. Rxa6 Rh2 36. Ra5 Ke6 37. Ra6+ Kf5 38. Ra5 1/2-1/2

[Event "Pan American-ch U10 Girls"]
[Site "Mar del Plata"]
[Date "2009.08.21"]
[Round "9"]
[White "Liao, Simone"]
[Black "Rodriguez, Sofia"]
[Result "1/2-1/2"]
[WhiteElo "1637"]
[BlackElo "1913"]
[PlyCount "29"]
[EventDate "2009.08.16"]
[EventType "swiss"]
[EventRounds "9"]
[EventCountry "ARG"]
[SourceTitle "EXT 2022"]
[Source "ChessBase"]
[SourceDate "2021.10.06"]
[SourceVersion "1"]
[SourceVersionDate "2021.10.06"]
[SourceQuality "1"]

1. e4 c5 2. Nc3 d6 3. f4 Nf6 4. Nf3 e6 5. Bb5+ Bd7 6. Bxd7+ Qxd7 7. d3 Nc6 8. h3 0-0-0 9. Be3 Kb8 10. Ne2 Be7 11. a3 d5 12. e5 Ng8 13. c3 c4 14. b4 Nh6 15. a4 1/2-1/2

[Event "Pan American-ch U10 Girls"]
[Site "Mar del Plata"]
[Date "2009.08.20"]
[Round "8"]
[White "Fiesco, Valentina"]
[Black "Liao, Simone"]
[Result "0-1"]
[WhiteElo "2032"]
[BlackElo "1637"]
[PlyCount "66"]
[EventDate "2009.08.16"]
[EventType "swiss"]
[EventRounds "9"]
[EventCountry "ARG"]
[SourceTitle "EXT 2022"]
[Source "ChessBase"]
[SourceDate "2021.10.06"]
[SourceVersion "1"]
[SourceVersionDate "2021.10.06"]
[SourceQuality "1"]

1. d4 Nf6 2. c4 g6 3. Nc3 d5 4. Nf3 Bg7 5. e3 0-0 6. Be2 dxc4 7. Bxc4 a6 8. 0-0 b5 9. Bd3 Bb7 10. e4 b4 11. Qb3 a5 12. d5 c6 13. Bc4 cxd5 14. exd5 Nbd7 15. Na4 Ne4 16. Qe3 Nef6 17. Re1 Bxd5 18. Bxd5 Nxd5 19. Qd3 e6 20. Nd4 N7b6 21. Nc6 Qc7 22. Nxb6 Qxb6 23. Ne5 Rad8 24. Nc4 Qc5 25. Qc2 Rc8 26. Re4 Nb6 27. Be3 Qb5 28. Bxb6 Qxb6 29. Rc1 Qa6 30. Rd1 f5 31. Rd6 Qxd6 32. Nxd6 Rxc2 33. h3 fxe4 0-1